000 01025nam a2200313 a 4500
003 AR-BaBNM
005 20251128205236.0
008 082120s2002 ||||||||||||||000 | spa||
020 _a950-22-0239-2
040 _cAR-BaBNM
245 0 0 _aPlaneamiento de la enseñanza musical
_bejemplos de unidades de enseñanza-aprendizaje y material didáctico para la escuela primaria : cuarto a séptimo grado
260 _aBuenos Aires
_bRicordi
_c1986
300 _a86 p.
_bdiagr., il.
504 _aContiene bibliografía
650 4 _aENSEÑANZA DE LA MUSICA
650 4 _aMUSICA
650 4 _aEDUCACION ARTISTICA
650 4 _aMETODOS DE ENSEÑANZA
653 _aEDUCACION PRIMARIA
653 _aPROCESO DE ENSEÑANZA-APRENDIZAJE
700 1 _aFerrero, María Inés
700 1 _aFurnó, Silvia
700 1 _aLlabra de Lanfranchi, Ana del Valle
700 1 _aQuadranti, Alicia
700 1 _aElola, Nydia Elba
_ecolaborador
700 1 _aHemsy de Gainza, Violeta
_ecoordinador
942 _cBK
998 _csilvi
999 _c10560
_d10560